| 000 | 00441 a2200145 4500 | ||
|---|---|---|---|
| 999 |
_c7275 _d7275 |
||
| 020 | _a9780415895552 | ||
| 050 | _aHQ 75.6 GUN 2010 | ||
| 100 |
_aGunkel, Henrriette _eauthor |
||
| 245 |
_aThe Cultural politics of female sexuality in South Africa _cGunkel Henriette |
||
| 264 |
_aNew York _bRoutledge _c2010 |
||
| 300 | _a181p.; | ||
| 500 | _aIncludes bibliography and index | ||
| 650 | _aWoman work and wages | ||
| 942 |
_2lcc _cBK _h75.6 _iGUN _kHQ |
||